01115cam a2200277 a 45000010008000000030004000080050017000120080041000290100017000700200015000870400018001020430012001200500021001320820029001531000039001822450129002212600057003503000034004075000130004415040064005716100050006356500045006856500044007306510031007747100032008054923404OSt20170207150640.0950103s1995 vaua bc 001 0 eng  a 95003052  a0883971151 aDLCcDLCdDLC ae-dk---00aNC273b.N67 199500a741.9/489/09034074732202 aNørregård-Nielsen, Hans Edvard.14aThe golden age of Danish art :bdrawings from the Royal Museum of Fine Arts, Copenhagen /cHans Edvard Nørregård-Nielsen. aAlexandria, VA :bArt Services International,c1995. a255 p. :bcol. ill. ;c33 cm. aPublished as a companion to the exhibition of the same name, which is organized and circulated by Art Services International. aIncludes bibliographical references (p. 252-253) and index.20aStatens museum for kunst (Denmark)vCatalogs. 0aDrawing, Danishy19th centuryvCatalogs. 0aDrawingzDenmarkzCopenhagenvCatalogs. 0aDenmarkxIn artvCatalogs.2 aArt Services International.